Contracting for business success. (Record no. 96771)

MARC details
000 -LEADER
fixed length control field 01165cam a2200337 4500
008 - FIXED-LENGTH DATA ELEMENTS--GENERAL INFORMATION
fixed length control field 090401t1998 xxu||||| |||| 00| 0 eng d
020 ## - INTERNATIONAL STANDARD BOOK NUMBER
International Standard Book Number 0727726005
035 ## - SYSTEM CONTROL NUMBER
System control number (Sirsi) u82261
041 ## - LANGUAGE CODE
Language code of text/sound track or separate title eng
050 ## - LIBRARY OF CONGRESS CALL NUMBER
Classification number 692.8
100 ## - MAIN ENTRY--PERSONAL NAME
Personal name Cox, Andrew
245 ## - TITLE STATEMENT
Title Contracting for business success.
260 ## - PUBLICATION, DISTRIBUTION, ETC.
Place of publication, distribution, etc. London
Name of publisher, distributor, etc. Thomas Telford Ltd.
Date of publication, distribution, etc. 1998
300 ## - PHYSICAL DESCRIPTION
Extent 332p. ; 24cm.
350 ## - PRICE (NR) (BK AM CF MU VM SE) [OBSOLETE]
Price 35
520 ## - SUMMARY, ETC.
Summary, etc. Looks at all the major forms of contract and procedures for dispute resolution used in construction projects and considers which are most appropriate in different circumstances. Based on the authors` ongoing research into construction procurement management at the University of Birmingham.
650 ## - SUBJECT ADDED ENTRY--TOPICAL TERM
Topical term or geographic name entry element BUILT ENVIRONMENT-BUILDING CONTRACT FORMS
650 ## - SUBJECT ADDED ENTRY--TOPICAL TERM
Topical term or geographic name entry element DESIGN AND BUILD
650 ## - SUBJECT ADDED ENTRY--TOPICAL TERM
Topical term or geographic name entry element DISPUTE RESOLUTION
9 (RLIN) 6236
650 ## - SUBJECT ADDED ENTRY--TOPICAL TERM
Topical term or geographic name entry element GOVERNMENT CONTRACTS
650 ## - SUBJECT ADDED ENTRY--TOPICAL TERM
Topical term or geographic name entry element MINOR WORKS
650 ## - SUBJECT ADDED ENTRY--TOPICAL TERM
Topical term or geographic name entry element NEC
650 ## - SUBJECT ADDED ENTRY--TOPICAL TERM
Topical term or geographic name entry element NEW ENGINEERING CONTRACT
650 ## - SUBJECT ADDED ENTRY--TOPICAL TERM
Topical term or geographic name entry element PROCUREMENT MANAGEMENT
650 ## - SUBJECT ADDED ENTRY--TOPICAL TERM
Topical term or geographic name entry element PUBLIC SECTOR
650 ## - SUBJECT ADDED ENTRY--TOPICAL TERM
Topical term or geographic name entry element SEQUENTIAL CONTRACTS
690 ## - LOCAL SUBJECT ADDED ENTRY--TOPICAL TERM (OCLC, RLIN)
Topical term or geographic name as entry element BUILT ENVIRONMENT
700 ## - ADDED ENTRY--PERSONAL NAME
Personal name Thompson, Ian
942 ## - ADDED ENTRY ELEMENTS (KOHA)
Suppress in OPAC 0
948 ## - LOCAL PROCESSING INFORMATION (OCLC); SERIES PART DESIGNATOR (RLIN)
c (OCLC) 20/11/1997
Holdings
Withdrawn status Lost status Source of classification or shelving scheme Damaged status Not for loan Home library Current library Shelving location Date acquired Cost, normal purchase price Total Checkouts Full call number Barcode Date last seen Date last checked out Copy number Cost, replacement price Price effective from Koha item type
    Dewey Decimal Classification     London London Books 26/08/1998 35.00 32 692.8 30056241 06/08/2019 04/12/2007 1 35.00 06/08/2019 Book